=LDR 00000nam 2200000 4500 =001 INLIS000000000038589 =005 20130612144244 =008 ***********************************Ind** =035 ##$$0010-061300000038589 =041 ##$$a Ind =082 ##$$a 641.865 =090 ##$$a 641.865, Sum b =100 ##$$a Simatupang, Lely =245 ##$$a Burger =260 ##$$a 2011 $b Jakarta =300 ##$$a 68 hlm, Ilus, 23 cm =650 ##$$a Kue (Burger) =700 ##$$a Santosa, Dwi A =850 ##$$a NBPNMAT =990 ##$$a 0001/BPAP-NTB/20142014 =990 ##$$a 0001/BPAP-NTB/2015